000
00287nam a2200121Ia 4500
005
20251222154425.0
008
251222s9999||||xx |||||||||||||| ||spa||
020
_a
84-02-10526
082
_a
858.9/F71
100
_a
"Fogazzaro, Antonio"
245
0
_a
Pequeño mundo antiguo
942
_c
LIB
999
_c
36202
_d
36202